A partial solution of the finite spectrum problem

Elmentve itt :
Bibliográfiai részletek
Szerző: Ecsedi-Tóth Péter
Dokumentumtípus: Cikk
Megjelent: 1985
Sorozat:Acta cybernetica 7 No. 2
Kulcsszavak:Számítástechnika, Kibernetika
Tárgyszavak:
Online Access:http://acta.bibl.u-szeged.hu/12389
LEADER 00731nab a2200205 i 4500
001 acta12389
005 20220610090800.0
008 161015s1985 hu o 0|| eng d
022 |a 0324-721X 
040 |a SZTE Egyetemi Kiadványok Repozitórium  |b hun 
041 |a eng 
100 2 |a Ecsedi-Tóth Péter 
245 1 2 |a A partial solution of the finite spectrum problem  |h [elektronikus dokumentum] /  |c  Ecsedi-Tóth Péter 
260 |c 1985 
300 |a 211-215 
490 0 |a Acta cybernetica  |v 7 No. 2 
650 4 |a Természettudományok 
650 4 |a Számítás- és információtudomány 
695 |a Számítástechnika, Kibernetika 
856 4 0 |u http://acta.bibl.u-szeged.hu/12389/1/cybernetica_007_fasc_002_211-215.pdf  |z Dokumentum-elérés